00000000nas##2200000za#4500
0019.503716
003CaOODSP
00520231123085002
007cr |||||||||||
008150406c1999||||xxc|| p o||||f|   |0fre|d
040 |aCaOODSP|bfre
043 |an-cn---
0861 |aFR2-4F-PDF
1101 |aCanada. |bAffaires étrangères et commerce international Canada.
24510|aPDME - rapport annuel |h[ressource électronique]
24613|aProgramme de développement des marchés d'exportation - rapport annuel
260 |aOttawa - Ontario : |bAffaires étrangères et Commerce international
310 |aAnnuel
3621 |a[1998/1999]-[2006/2007]
500 |aPublié par Commerce international Canada, 2004-2005.
69107|aDéveloppement des marchés|2gcpds
69107|aExportation|2gcpds
69107|aRapport annuel|2gcpds
77508|tPEMD annual report |w(CaOODSP)9.507327